Colonial Countries - Statistics

General Stats
  • This quiz has been taken 1,713 times
    1,249 since last reset
  • The average score is 21 of 30
Answer Stats
Daughter Countries Parent Country % Correct
62 United Kingdom
99%
29 France
98%
18 Spain
97%
6 Portugal
96%
6 United States
94%
16 Soviet Union
93%
2 China
91%
4 Italy
90%
2 Japan
88%
4 Netherlands
88%
3 Belgium
84%
1 India
80%
1 Denmark
79%
6 Ottoman Empire/Turkey
79%
1 Sweden
78%
1 Australia
75%
1 Brazil
68%
1 Indonesia
67%
7 Yugoslavia/Serbia
64%
1 South Africa
63%
1 Pakistan
59%
1 New Zealand
56%
1 Sudan
56%
1 Egypt
55%
1 Ethiopia
52%
1 Malaysia
51%
1 Colombia
49%
2 Czechoslovakia
30%
1 Haiti
23%
1 Mali
18%
No matching quizzes found
Score Distribution
Percent of People with Each Score
Percentile by Number Answered
Your Score History
You have not taken this quiz since the last reset